[Event "2009 Standard Chess Dropout Tournament, Round 2"]
[Site "SchemingMind.com"]
[Date "2009.02.28"]
[Round "2"]
[White "pedrinho"]
[Black "dsplit"]
[Result "0-1"]
[WhiteCountry "GBR"]
[BlackCountry "NED"]
[WhiteElo "1650"]
[WhiteRD "85"]
[BlackElo "1798"]
[BlackRD "73"]
[GameID "194319"]

1. d4 d5 2. c4 e6 3. Nc3 Bb4 4. e3 Nf6 5. Bd2 O-O 6. cxd5 exd5 7. Bd3 Nbd7 8. Nge2 Re8 9. O-O Nf8 10. a3 Ba5
11. b4 Bb6 12. Na4 a6 13. Nxb6 cxb6 14. Nf4 Ne6 15. Ne2 b5 16. Kh1 b6 17. Ng3 Bb7 18. Nf5 g6 19. Nh6+ Kf8 20. f4 Ng8
21. Nxg8 Kxg8 22. Rc1 Rc8 23. Qe2 Rxc1 24. Rxc1 Nxf4 25. Qf1 Nxd3 26. Qxd3 Qd7 27. Be1 Rc8 28. Rxc8+ Qxc8 29. Bd2= Qg4 30. Qf1 Kg7
31. Qf3 Qc8 32. Qf1 Qc2 33. Bc1 Bc6 34. h3 Qc3 35. Kh2 a5 36. bxa5 bxa5 37. h4 b4 38. axb4 axb4 39. Qd1 b3 40. Qd2 Qxd2
41. Bxd2 b2
0-1

[Event "2009 Standard Chess Dropout Tournament, Round 2"]
[Site "SchemingMind.com"]
[Date "2009.03.02"]
[Round "2"]
[White "Pedro666"]
[Black "dadshane2000"]
[Result "1-0"]
[WhiteCountry "POL"]
[BlackCountry "USA"]
[WhiteElo "2115"]
[WhiteRD "88"]
[BlackElo "1942"]
[BlackRD "85"]
[GameID "194320"]

1. Nf3 Nf6 2. d4 g6 3. g3 Bg7 4. Bg2 O-O 5. O-O d6 6. c4 Nbd7 7. Nc3 e5 8. e4 exd4 9. Nxd4 a6 10. h3 Rb8
11. Be3 Re8 12. Qd2 Nc5 13. Rae1 Ncxe4 14. Nxe4 Nxe4 15. Bxe4 Rxe4 16. Bg5 Rxd4 17. Qxd4 Bxd4 18. Bxd8 Bxh3 19. Re8+ Kg7 20. Rfe1 Ba7
21. Bxc7 Rxe8 22. Rxe8 b5 23. cxb5 axb5 24. Bxd6 Bd4 25. Be5+ Bxe5 26. Rxe5
1-0

[Event "2009 Standard Chess Dropout Tournament, Round 2"]
[Site "SchemingMind.com"]
[Date "2009.02.28"]
[Round "2"]
[White "pjl1015"]
[Black "reptile"]
[Result "1-0"]
[WhiteCountry "USA"]
[BlackCountry "ISR"]
[WhiteElo "2404"]
[WhiteRD "110"]
[BlackElo "1985"]
[BlackRD "83"]
[GameID "194322"]

1. d4 Nf6 2. c4 g6 3. Nf3 Bg7 4. Nc3 O-O 5. e4 d6 6. Be2 e5 7. dxe5 dxe5 8. O-O Nbd7 9. Qc2 c6 10. Rd1 Qe7
11. a3 a5 12. Na4 Nc5 13. Nxc5 Qxc5 14. Be3 Qe7 15. c5 Ne8 16. Nd2 f5 17. Nc4 Be6 18. Nb6 Rd8 19. Rxd8 Qxd8 20. Rd1 Qe7
21. Bc4 f4 22. Rd7 Qf6 23. Bd2 Rf7 24. Qb3 Bxc4 25. Qxc4 Kf8 26. Bxa5 f3 27. g3 Nc7 28. Bc3 Ne6 29. Rd6 Ke7 30. Nd7
1-0

[Event "2009 Standard Chess Dropout Tournament, Round 2"]
[Site "SchemingMind.com"]
[Date "2009.03.02"]
[Round "2"]
[White "RA~H"]
[Black "kynoceros"]
[Result "1-0"]
[WhiteCountry "USA"]
[BlackCountry "USA"]
[WhiteElo "1935"]
[WhiteRD "143"]
[BlackElo "1574"]
[BlackRD "116"]
[GameID "194323"]

1. e4 e5 2. Nf3 d6 3. d4 Nf6 4. Nc3 h6 5. dxe5 dxe5 6. Qxd8+ Kxd8 7. Nxe5 Be6 8. Be3 Bb4 9. O-O-O+ Nbd7 10. Nxd7 Nxd7
11. Nd5 Bd6 12. Kb1 c6 13. Nf4 Kc7 14. Nxe6+ fxe6 15. Be2 g5 16. Rd2 Nf6 17. f3 Bf4 18. Bxf4+ gxf4 19. g3 fxg3 20. hxg3 h5
21. Bc4 e5 22. Rdh2 Rad8 23. Kc1 Rd4 24. b3 b5 25. Bf7 Rhd8 26. Bxh5 Nxh5 27. Rxh5 Re8 28. Rg1 Rd6 29. Rh2 Kb6 30. Re2 Rf8
31. Rf2 Kc5 32. Kb2 Kd4 33. Rd2+ Kc5 34. Rxd6 Kxd6 35. Rf1 Kc5 36. Kc3 Rg8 37. g4 b4+ 38. Kd3 Kb5 39. Ke3 a5 40. Rg1 a4
41. f4 exf4+ 42. Kxf4 axb3 43. axb3 c5 44. g5 c4 45. g6 cxb3 46. cxb3 Kc5 47. g7 Kd4 48. Rg3
1-0

[Event "2009 Standard Chess Dropout Tournament, Round 2"]
[Site "SchemingMind.com"]
[Date "2009.02.27"]
[Round "2"]
[White "Rekursiv"]
[Black "GBEDARD"]
[Result "0-1"]
[WhiteCountry "USA"]
[BlackCountry "USA"]
[WhiteElo "2081"]
[WhiteRD "94"]
[BlackElo "2191"]
[BlackRD "75"]
[GameID "194324"]

1. d4 Nf6 2. c4 e6 3. Nc3 Bb4 4. a3 Bxc3+ 5. bxc3 c5 6. f3 d5 7. cxd5 Nxd5 8. dxc5 Qa5 9. e4 Ne7 10. Be3 O-O
11. Qb3 Qc7 12. Ne2 e5 13. Nc1 Nbc6 14. Be2 Be6 15. Qc2 Rad8 16. O-O f5 17. Nd3 Na5 18. exf5 Nxf5 19. Bf2 Nc4 20. Rfe1 Nfe3
21. Qc1 e4 22. fxe4 Nxg2 23. Bg3 Qc6 24. Nb4 Qxe4 25. Bd3 Qg4 26. Bxc4 Bxc4 27. Kxg2 a5 28. Kg1 axb4 29. cxb4 Qd4+ 30. Qe3 Rf1+
0-1

[Event "2009 Standard Chess Dropout Tournament, Round 2"]
[Site "SchemingMind.com"]
[Date "2009.02.27"]
[Round "2"]
[White "remigius"]
[Black "Ilang"]
[Result "1-0"]
[WhiteCountry "ESP"]
[BlackCountry "HUN"]
[WhiteElo "1722"]
[WhiteRD "97"]
[BlackElo "2387"]
[BlackRD "82"]
[GameID "194325"]

1. e4 e5 2. Nf3 Nc6 3. Bb5 a6 4. Bxc6 dxc6 5. O-O Bg4 6. h3 h5 7. d3 Qf6 8. Nbd2 Ne7 9. Re1 Ng6 10. d4 Nf4
11. dxe5 Qg6 12. Nh4 Bxd1 13. Nxg6 Nxg6 14. Rxd1 O-O-O 15. e6 fxe6 16. Re1 Ne5 17. Nb3 Bb4 18. c3 Bd6 19. Bg5 Rd7 20. Rad1 b6
21. f4 Nc4 22. e5 Nxb2 23. exd6 Nxd1 24. Rxd1 Rxd6 25. Re1 c5 26. Kf2 Rd3 27. Re3 Rxe3 28. Kxe3 Kd7 29. Nd2 Kc6 30. Ke4 Kb5
31. Ke5 Re8 32. Ne4 Kc4 33. Ng3 g6 34. Kf6 Kxc3 35. Kxg6 c4 36. Nxh5 Kb2 37. Ng7 Rb8 38. Nxe6 Kxa2 39. f5 b5 40. f6 b4
41. f7 c3 42. Nd8 b3 43. f8=Q b2 44. Qf7+ Rb3 45. Nc6 b1=Q+ 46. Kh6 Qg1 47. Qc4 Qxg2 48. h4 Kb2 49. Nb4 Qh2 50. Kh5 a5
51. Nd3+ Kc2 52. Qe4 Rb8 53. Nf2+ Kb2 54. Nd1+ Ka1 55. Qf3 Qe5 56. Nxc3 Qe8+ 57. Kg4 Qe6+ 58. Kg3 Qe1+ 59. Kh3 Qe6+ 60. Kg2 Rb2+
61. Kf1 Qc4+ 62. Ne2 Rb3 63. Qf5 a4 64. Bf6+ Ka2 65. Kf2 Rb6 66. Nc3+ Ka3 67. Qf3 Qc5+ 68. Kg2 Qc4 69. Kg3 c5 70. h5 Qg8+
71. Kf2 Qb8 72. Kf1 Qb7 73. Ne4+ Rb3 74. Bc3 Qc6 75. Kf2 Qb7 76. Qe3 Qf7+ 77. Kg2 Qg8+ 78. Kh2 Qb8+ 79. Kh1 Rb1+ 80. Kg2 Ka2
81. Qf2+ Kb3 82. Bg7 Qb7 83. Qe3+ Ka2 84. Qd2+ Ka3 85. Qc3+ Ka2 86. Qc2+
1-0

[Event "2009 Standard Chess Dropout Tournament, Round 2"]
[Site "SchemingMind.com"]
[Date "2009.02.28"]
[Round "2"]
[White "reptile"]
[Black "Ryan"]
[Result "0-1"]
[WhiteCountry "ISR"]
[BlackCountry "NED"]
[WhiteElo "1985"]
[WhiteRD "83"]
[BlackElo "2034"]
[BlackRD "104"]
[GameID "194326"]

1. d4 d5 2. c4 c6 3. Nc3 Nf6 4. Nf3 e6 5. e3 a6 6. Bd3 dxc4 7. Bxc4 b5 8. Bd3 c5 9. dxc5 Bxc5 10. O-O Bb7
11. Be2 Nc6 12. b3 O-O 13. Bb2 Qb6 14. a3 Rfd8 15. Qc2 Rac8 16. Rfd1 Ng4 17. Ne4 Bxe3 18. Neg5 Bxf2+ 19. Kh1 Rxd1+ 20. Bxd1 g6
21. Nxh7 Bh4 22. g3 Nce5 23. Qg2 Nf2+ 24. Kg1 Nxd1+ 25. Kh1 Bxf3
0-1

[Event "2009 Standard Chess Dropout Tournament, Round 2"]
[Site "SchemingMind.com"]
[Date "2009.03.04"]
[Round "2"]
[White "rkttkr"]
[Black "Dreadtower"]
[Result "1-0"]
[WhiteCountry "ENG"]
[BlackCountry "ENG"]
[WhiteElo "2090"]
[WhiteRD "71"]
[BlackElo "1807"]
[BlackRD "108"]
[GameID "194327"]

1. e4 c5 2. Nf3 d6 3. c3 Nf6 4. h3 Nc6 5. Bd3 d5 6. e5 Nd7 7. Bb5 Qb6 8. Ba4 e6 9. O-O Be7 10. d4 O-O
11. Re1 cxd4 12. Bxc6 Qxc6 13. cxd4 a6 14. Re2 b5 15. Rc2 Qb6 16. Be3 Bb7 17. Nbd2 f6 18. Rac1 Rac8 19. Nb3 Rxc2 20. Rxc2 Rc8
21. Rxc8+ Bxc8 22. Qc1 Bb7 23. Nc5 Nxc5 24. dxc5 Qc6 25. b4 Qc8 26. Bd4 fxe5 27. Bxe5 Bf6 28. Qe3 Bc6 29. Nd4 Bxe5 30. Qxe5 Bd7
31. Qd6 Kf7= 32. Nf3 Kg8 33. Ne5 Be8 34. f4 h6 35. c6 g5 36. c7
1-0

[Event "2009 Standard Chess Dropout Tournament, Round 2"]
[Site "SchemingMind.com"]
[Date "2009.02.27"]
[Round "2"]
[White "roscoe"]
[Black "bull mccabe"]
[Result "0-1"]
[WhiteCountry "USA"]
[BlackCountry "IRL"]
[WhiteElo "1473"]
[WhiteRD "109"]
[BlackElo "1814"]
[BlackRD "90"]
[GameID "194328"]

1. Nf3 d5 2. d4 Nf6 3. g3 e6 4. Bg2 c5 5. dxc5 Bxc5 6. c3 O-O 7. O-O Qc7 8. Re1 Nc6 9. b4 Be7 10. Nd4 Nxd4
11. Qxd4 b6 12. e4 Bb7 13. Bf4 Qd7 14. exd5 exd5 15. Nd2 Rfe8 16. Nf3 Rac8 17. Ne5 Qf5 18. Rac1 Bd6 19. Nxf7 Bxf4 20. gxf4 Kxf7
21. a4 Rxe1+ 22. Rxe1 Ne4 23. Rc1 Qxf4 24. Rc2 Rc4 25. Qd3 Rxc3 26. Rxc3 Qxf2+ 27. Kh1 Qe1+ 28. Qf1+ Qxf1+
0-1

[Event "2009 Standard Chess Dropout Tournament, Round 2"]
[Site "SchemingMind.com"]
[Date "2009.03.02"]
[Round "2"]
[White "Ryan"]
[Black "saxon"]
[Result "0-1"]
[WhiteCountry "NED"]
[BlackCountry "GER"]
[WhiteElo "2048"]
[WhiteRD "102"]
[BlackElo "2362"]
[BlackRD "121"]
[GameID "194329"]

1. c4 c6 2. d4 d5 3. Nf3 Nf6 4. Nc3 dxc4 5. a4 Bf5 6. e3 e6 7. Bxc4 Bb4 8. O-O Nbd7 9. Qe2 Bg6 10. e4 O-O
11. Bd3 Bh5 12. e5 Nd5 13. Nxd5 cxd5 14. Qe3 Re8 15. Ng5 Bg6 16. f4 Rc8 17. Bd2 Bxd2 18. Qxd2 Bxd3 19. Qxd3 Nf8 20. Nf3 Re7
21. f5 Rec7 22. Rf2 Rc1+ 23. Rf1 R1c2 24. Rab1 exf5 25. Qxf5 Ne6 26. b4 g6 27. Qh3 h5
0-1

[Event "2009 Standard Chess Dropout Tournament, Round 2"]
[Site "SchemingMind.com"]
[Date "2009.02.28"]
[Round "2"]
[White "saxon"]
[Black "thebirdolux"]
[Result "1/2-1/2"]
[WhiteCountry "GER"]
[BlackCountry "USA"]
[WhiteElo "2332"]
[WhiteRD "117"]
[BlackElo "2328"]
[BlackRD "78"]
[GameID "194330"]

1. e4 c5 2. Nf3 d6 3. d4 cxd4 4. Nxd4 Nf6 5. Nc3 a6 6. Bc4 e6 7. Bb3 Nbd7 8. f4 Nc5 9. Qf3 b5 10. f5 Bd7
11. Bg5 Be7 12. e5 dxe5 13. Nc6 Bxc6 14. Qxc6+ Kf8 15. fxe6 b4 16. Na4 Rc8 17. Qf3 Nxe6 18. Rd1 Qc7 19. Be3 Qc6 20. O-O Qxf3
21. Rxf3 Rc6 22. c3 a5 23. cxb4 axb4 24. Rff1 h5 25. Rc1 Rxc1 26. Rxc1 g6 27. Bxe6 fxe6 28. Rc8+ Kg7 29. Rxh8 Kxh8 30. Bc5 Nd5
31. Bxe7 Nxe7 32. Nc5 Kg7 33. Nxe6+ Kf6 34. Nc5 Kf5 35. Kf2 Nd5 36. a4 bxa3 37. bxa3 e4 38. a4 e3+ 39. Kf3 Ke5 40. a5 Kd4
41. Nd7 Kd3= 42. Ne5+ Kd2 43. Nc4+ Kd3 44. Nxe3 Nxe3 45. a6 Nd5 46. a7 Nc7 47. Kf4 Ke2 48. Kg5 Kf2 49. Kxg6 h4 50. Kg5=
1/2-1/2

[Event "2009 Standard Chess Dropout Tournament, Round 2"]
[Site "SchemingMind.com"]
[Date "2009.03.04"]
[Round "2"]
[White "simon_w"]
[Black "startstek"]
[Result "1-0"]
[WhiteCountry "IRL"]
[BlackCountry "ALG"]
[WhiteElo "1890"]
[WhiteRD "76"]
[BlackElo "1871"]
[BlackRD "79"]
[GameID "194331"]

1. e4 c5 2. Nf3 d6 3. d4 cxd4 4. Nxd4 Nf6 5. Nc3 a6 6. Be3 e5 7. Nb3 Be6 8. f3 Be7 9. Qd2 O-O 10. O-O-O Nbd7
11. Kb1 b5 12. g4 Qc7 13. g5 Nh5 14. Nd5 Bxd5 15. exd5 Nb6 16. Rg1 Kh8 17. h4 Nc4 18. Bxc4 bxc4 19. Qc3 a5 20. Nd2 Rfc8
21. Rg4 Qb7 22. Rxc4 Nf4 23. Bxf4 exf4 24. Rxc8+ Rxc8 25. Qxa5 Rc5 26. Qa3 Rxd5 27. Qa4 Kg8 28. Qxf4 h6 29. Qe4 hxg5 30. c4 Bf6
31. b3 Qb4 32. Qc2 Rd4 33. hxg5 Bxg5 34. Ne4 Rxd1+ 35. Qxd1 Bf4 36. Nf2 Qc3 37. Nd3
1-0

[Event "2009 Standard Chess Dropout Tournament, Round 2"]
[Site "SchemingMind.com"]
[Date "2009.02.28"]
[Round "2"]
[White "slotheman"]
[Black "marble"]
[Result "0-1"]
[WhiteCountry "USA"]
[BlackCountry "ENG"]
[WhiteElo "1674"]
[WhiteRD "78"]
[BlackElo "1977"]
[BlackRD "57"]
[GameID "194332"]

1. e4 c5 2. Nc3 g6 3. d4 cxd4 4. Qxd4 Nf6 5. Nf3 Nc6 6. Qa4 d6 7. Bb5 Bd7 8. O-O Bg7 9. Be3 O-O 10. h3 a6
11. Bxc6 Bxc6 12. Qb3 Nxe4 13. Rad1 Nxc3 14. bxc3 Bxf3 15. gxf3 b5 16. c4 Rb8 17. Rfe1 Qc8 18. Bg5 bxc4 19. Qa3 Re8 20. Rxe7 Qf5
21. h4 h6 22. Rxe8+ Rxe8 23. Qa4 Re6 24. Be3 Qxf3 25. Rd4 Bxd4
0-1

[Event "2009 Standard Chess Dropout Tournament, Round 2"]
[Site "SchemingMind.com"]
[Date "2009.03.03"]
[Round "2"]
[White "startstek"]
[Black "Ursus"]
[Result "1-0"]
[WhiteCountry "ALG"]
[BlackCountry "INT"]
[WhiteElo "1874"]
[WhiteRD "87"]
[BlackElo "1726"]
[BlackRD "88"]
[GameID "194333"]

1. e4 e5 2. Nf3 Nc6 3. Bb5 a6 4. Ba4 Nf6 5. O-O Be7 6. Re1 b5 7. Bb3 O-O 8. h3 Bb7 9. d3 d6 10. c3 Na5
11. Bc2 c5 12. Nbd2 Qc7 13. Nf1 Rad8 14. g4 h6 15. Ng3 Nc6 16. Nf5 Kh7 17. g5 Ng8 18. h4 h5 19. Nh2 g6 20. Ng3 Qd7
21. Kg2 Bc8 22. Rg1 Qh3+ 23. Kh1 Qxh4 24. Be3 Bxg5 25. Nf5 gxf5 26. Bxg5 Qh3 27. Rg3 Qxg3 28. fxg3 f6 29. Qxh5+ Kg7 30. Be3 fxe4
31. d4 exd4 32. Bxe4 dxe3 33. Qg6+ Kh8 34. Qh7#
1-0

[Event "2009 Standard Chess Dropout Tournament, Round 2"]
[Site "SchemingMind.com"]
[Date "2009.02.27"]
[Round "2"]
[White "Stephen"]
[Black "Patjanka"]
[Result "1/2-1/2"]
[WhiteCountry "ENG"]
[BlackCountry "DEN"]
[WhiteElo "2002"]
[WhiteRD "108"]
[BlackElo "2235"]
[BlackRD "74"]
[GameID "194334"]

1. d4 Nf6 2. Nf3 c5 3. c3 d5 4. Bg5 Ne4 5. Bf4 cxd4 6. cxd4 Nc6 7. Nc3 Qa5 8. Qb3 e5 9. Bxe5 Bb4 10. Rc1 O-O
11. e3 Nxe5 12. Nxe5 Be6 13. a3 Bxc3+ 14. bxc3 Rac8 15. Bd3 Nxc3 16. O-O f6 17. Nf3 Rc7 18. Qb4 Qxb4 19. axb4 Rfc8 20. Ra1 a6
21. Nd2 Bd7 22. Nb3 Bb5 23. Bxb5 Nxb5 24. Nc5 Kf7 25. g3 Ke7=
1/2-1/2

[Event "2009 Standard Chess Dropout Tournament, Round 2"]
[Site "SchemingMind.com"]
[Date "2009.03.04"]
[Round "2"]
[White "sthorwall"]
[Black "marks"]
[Result "1-0"]
[WhiteCountry "USA"]
[BlackCountry "PHI"]
[WhiteElo "1819"]
[WhiteRD "56"]
[BlackElo "1739"]
[BlackRD "87"]
[GameID "194335"]

1. e4 c6 2. d4 d5 3. e5 Bf5 4. Nc3 e6 5. g4 Bg6 6. Nge2 Bb4 7. h4 f5 8. Nf4 Qe7 9. Bd2 Nd7 10. Rg1 O-O-O
11. h5 Be8 12. gxf5 exf5 13. Qf3 g5 14. hxg6 hxg6 15. Nxg6 Bxg6 16. Rxg6 Qf8 17. O-O-O Ne7 18. Rg3 Rh4 19. Bg5 Rh7 20. Ne2 Nb6
21. Nf4 Qf7 22. Qb3 c5 23. dxc5 Bxc5 24. Rc3 Na4 25. Qxa4
1-0

[Event "2009 Standard Chess Dropout Tournament, Round 2"]
[Site "SchemingMind.com"]
[Date "2009.03.02"]
[Round "2"]
[White "Teagy"]
[Black "sthorwall"]
[Result "0-1"]
[WhiteCountry "ENG"]
[BlackCountry "USA"]
[WhiteElo "1842"]
[WhiteRD "76"]
[BlackElo "1904"]
[BlackRD "63"]
[GameID "194336"]

1. e4 e5 2. f4 exf4 3. Nf3 g5 4. h4 g4 5. Ne5 Nf6 6. Bc4 Qe7 7. d4 d6 8. Bxf7+ Kd8 9. Bxf4 dxe5 10. dxe5+ Bd7
11. Bb3 Nc6 12. e6 Nxe4 13. Nc3 Nxc3 14. bxc3 Kc8 15. Qxd7+ Qxd7 16. exd7+ Kxd7 17. Kf2 Bd6 18. Rad1 Raf8 19. Kg3 Rxf4 20. Rxd6+ cxd6
21. Kxf4 Ne5 22. Re1 Rf8+ 23. Kg3 h5 24. Bd5 b6 25. a4= Rc8 26. Re3 Rc5 27. Bb3 Kc6 28. Kf4 b5 29. Re4 Ng6+ 30. Ke3 Nxh4
31. g3 Rxc3+ 32. Kf2 bxa4 33. Bxa4+ Kd5
0-1

[Event "2009 Standard Chess Dropout Tournament, Round 2"]
[Site "SchemingMind.com"]
[Date "2009.03.01"]
[Round "2"]
[White "thebirdolux"]
[Black "thefriediceman"]
[Result "1-0"]
[WhiteCountry "USA"]
[BlackCountry "USA"]
[WhiteElo "2314"]
[WhiteRD "70"]
[BlackElo "1839"]
[BlackRD "73"]
[GameID "194338"]

1. Nf3 Nf6 2. c4 d5 3. d4 g6 4. cxd5 Nxd5 5. e4 Nb6 6. a4 a5 7. Bb5+ Bd7 8. Bf4 c6 9. Be2 Bg7 10. Nbd2 Be6
11. Nb3 N8d7 12. Qc2 Nc8 13. d5 cxd5 14. Bc7 Bxb2 15. Qxb2 Qxc7 16. Qxh8+ Nf8 17. Ng5 Na7 18. Nxh7 Kd7 19. Rc1 Nc6 20. Nxf8+ Rxf8
21. Qxf8
1-0

[Event "2009 Standard Chess Dropout Tournament, Round 2"]
[Site "SchemingMind.com"]
[Date "2009.02.27"]
[Round "2"]
[White "thefriediceman"]
[Black "Robert Pallett"]
[Result "0-1"]
[WhiteCountry "USA"]
[BlackCountry "ENG"]
[WhiteElo "1874"]
[WhiteRD "67"]
[BlackElo "2282"]
[BlackRD "82"]
[GameID "194339"]

1. e4 d5 2. exd5 Qxd5 3. Nc3 Qd6 4. d4 Nf6 5. Nf3 a6 6. h3 Nc6 7. Be3 Bf5 8. Bd3 e6 9. Bxf5 exf5 10. O-O O-O-O
11. Ne2 Nd5 12. Bd2 Nf6 13. Bf4 Qe6 14. Re1 Ne4 15. Ng5 Qg6 16. Nxe4 fxe4 17. c3 f5 18. Ng3 Bd6 19. Bxd6 Rxd6 20. Qh5 Qxh5
21. Nxh5 g6 22. Ng3 Re8 23. Re2 Ne7 24. Rae1 Nd5 25. Nf1 Nf4 26. Rd2 Rde6 27. Ne3 Nd3 28. Red1 h5 29. b3 h4 30. Nc4 g5
31. Nb2 Nxb2 32. Rxb2 Kd7 33. d5 R6e7 34. Kf1 Kd6 35. c4 Rd7 36. Re2= a5 37. a3 Kc5 38. Rc2 f4 39. Ke2 Re5 40. Rc3 b6
41. Rd2 Rd8 42. Rd1 Rf8 43. Kf1 Rfe8 44. Re1 e3 45. fxe3 Rxe3 46. Rcxe3 Rxe3 47. Rb1 a4 48. bxa4 Rxa3 49. Rb5+ Kxc4 50. d6 cxd6
51. Rxb6 d5 52. Rc6+ Kd3 53. Rc5 Ke3 54. Kg1 Ra1+ 55. Kh2 d4 56. Re5+ Kf2 57. Rd5 Rg1 58. Rxg5 f3 59. Rg8 Rxg2+
0-1

[Event "2009 Standard Chess Dropout Tournament, Round 2"]
[Site "SchemingMind.com"]
[Date "2009.03.04"]
[Round "2"]
[White "Theodoric"]
[Black "Danzino"]
[Result "1/2-1/2"]
[WhiteCountry "ENG"]
[BlackCountry "GBR"]
[WhiteElo "1967"]
[WhiteRD "68"]
[BlackElo "2023"]
[BlackRD "105"]
[GameID "194340"]

1. e4 c5 2. c3 Nf6 3. e5 Nd5 4. d4 cxd4 5. Bc4 Qc7 6. Qe2 Nb6 7. Bd3 Nc6 8. Nf3 d5 9. exd6 Qxd6 10. O-O Bg4
11. Re1 g6 12. Qe4 Bf5 13. Qe2 Bxd3 14. Qxd3 Bg7 15. Na3 O-O 16. Nb5 Qd7 17. cxd4 a6 18. Nc3 Nxd4 19. Nxd4 Bxd4 20. Qe4 Bf6
21. Be3 Nc8 22. Rad1 Nd6 23. Qd3 Qf5 24. Qd2 Nc4 25. Qe2 Nxe3 26. Qxe3 Rad8 27. b4 Qc2 28. Rc1 Qd2 29. Qxd2 Rxd2 30. g3 Bxc3
31. Rxc3 e6 32. a3 Rfd8 33. Rcc1 Ra2 34. Ra1 Rdd2 35. Rxa2 Rxa2 36. Re3 Kf8 37. Kg2 Ke7 38. Rc3 g5 39. Rc7+ Kf6 40. Rxb7 Rxa3
41. Ra7 Rb3 42. Rxa6 Rxb4 43. Rc6 h5 44. Rc3 Kf5 45. Rf3+ Kg6 46. Re3 Rb6 47. h3 f5 48. Kf3 Kf6 49. g4 h4 50. gxf5 exf5
51. Ra3 Kg6 52. Rc3 Rb4 53. Rc6+ Kh5 54. Rc5 Rf4+ 55. Ke3 Ra4 56. Rxf5 Ra3+ 57. Ke4 Rxh3 58. f4 Rg3 59. Rxg5+ Rxg5=
1/2-1/2

[Event "2009 Standard Chess Dropout Tournament, Round 2"]
[Site "SchemingMind.com"]
[Date "2009.02.28"]
[Round "2"]
[White "TONYTODD11"]
[Black "pawngrabber"]
[Result "0-1"]
[WhiteCountry "ENG"]
[BlackCountry "ENG"]
[WhiteElo "1554"]
[WhiteRD "73"]
[BlackElo "1867"]
[BlackRD "83"]
[GameID "194341"]

1. e4 d6 2. d4 Nf6 3. Nc3 g6 4. Nf3 Bg7 5. Bc4 O-O 6. Bf4 Nxe4 7. Bxf7+ Rxf7 8. Qc1 Nxc3 9. bxc3 c5 10. Bh6 Bxh6
11. Qxh6 Qa5 12. O-O Qxc3 13. Ng5 Rg7 14. Rae1 Nc6 15. Re2 Nxd4 16. Re3 Qxc2 17. Rfe1 Nf5 18. Qh3 Nxe3 19. Qxe3 Bd7 20. Qf3 Rf8
21. Qd5+ e6 22. Qd1 Qxf2+ 23. Kh1 Bc6 24. Rg1 Bd5 25. a4 Qa2 26. Nf3 Rgf7 27. Rf1 g5 28. h3 h5 29. Qe1 g4 30. Rf2 Qxf2
0-1

[Event "2009 Standard Chess Dropout Tournament, Round 2"]
[Site "SchemingMind.com"]
[Date "2009.03.04"]
[Round "2"]
[White "TRFz"]
[Black "Tyler"]
[Result "1/2-1/2"]
[WhiteCountry "GBR"]
[BlackCountry "SUI"]
[WhiteElo "2266"]
[WhiteRD "73"]
[BlackElo "2032"]
[BlackRD "158"]
[GameID "194342"]

1. d4 Nf6 2. c4 e6 3. Nc3 Bb4 4. a3 Bxc3+ 5. bxc3 O-O 6. f3 d5 7. cxd5 exd5 8. e3 Bf5 9. Ne2 Nc6 10. Ng3 Bg6
11. Bd3 Re8 12. O-O Na5 13. e4 dxe4 14. fxe4 Qd7 15. Rxf6 gxf6 16. Bh6 Qc6 17. Qf3 Re6 18. Rc1 Nb3 19. d5 Qc5+ 20. Be3 Qxa3
21. dxe6 Nxc1 22. Qxf6 Nxd3 23. Bd4 Kf8 24. Qh8+ Ke7 25. Qxa8 Qa1+ 26. Nf1 fxe6 27. Qxb7 Qa5 28. h4 e5 29. Be3 Nf4 30. c4 Ne6
31. c5 Qc3 32. Qd5 a5 33. h5 Bxh5 34. Bf2 Bf7 35. Ne3 Kf8 36. Nf5 Qc1+ 37. Kh2 Qg5= 38. Bh4 Qxg2+ 39. Kxg2 Nf4+ 40. Kg3 Bxd5
41. exd5 Nxd5 42. Kf3 a4 43. Bg3=
1/2-1/2

[Event "2009 Standard Chess Dropout Tournament, Round 2"]
[Site "SchemingMind.com"]
[Date "2009.03.04"]
[Round "2"]
[White "Tyler"]
[Black "wilfried"]
[Result "1/2-1/2"]
[WhiteCountry "SUI"]
[BlackCountry "GER"]
[WhiteElo "2032"]
[WhiteRD "158"]
[BlackElo "2455"]
[BlackRD "100"]
[GameID "194343"]

1. e4 c5 2. Nf3 Nc6 3. d4 cxd4 4. Nxd4 Nf6 5. Nc3 d6 6. Bg5 Qb6 7. Nb3 e6 8. Qd2 a6 9. f3 h6 10. Bxf6 gxf6
11. Na4 Qa7 12. Qf2 Qxf2+ 13. Kxf2 Rb8 14. Nb6 Kd8 15. Rd1 Kc7 16. Nxc8 Rxc8 17. f4 Ne7 18. c3 f5 19. exf5 Nxf5 20. Bd3 Ne7
21. f5 h5 22. fxe6 fxe6 23. Nd4 e5 24. Nf5 d5 25. Bc2 Rd8 26. Rhf1 Nxf5 27. Bxf5 Be7 28. Be6 Rhf8+ 29. Ke2 Rxf1 30. Rxf1 Kd6
31. Bf7 h4 32. c4 dxc4 33. Bxc4 b5 34. Bd3 Kd5=
1/2-1/2

[Event "2009 Standard Chess Dropout Tournament, Round 2"]
[Site "SchemingMind.com"]
[Date "2009.03.04"]
[Round "2"]
[White "Arno Aartsen"]
[Black "Harold"]
[Result "1-0"]
[WhiteCountry "NED"]
[BlackCountry "GBR"]
[WhiteElo "1765"]
[WhiteRD "107"]
[BlackElo "1634"]
[BlackRD "79"]
[GameID "194345"]

1. d4 d5 2. c4 e6 3. c5 Nc6 4. Nf3 Nf6 5. Bd2 b6 6. e3 bxc5 7. dxc5 Bxc5 8. Bc3 Bb4 9. Bxb4 Nxb4 10. Bb5+ c6
11. Ba4
1-0

[Event "2009 Standard Chess Dropout Tournament, Round 2"]
[Site "SchemingMind.com"]
[Date "2009.03.04"]
[Round "2"]
[White "Ursus"]
[Black "Mariazb"]
[Result "1-0"]
[WhiteCountry "INT"]
[BlackCountry "ARG"]
[WhiteElo "1734"]
[WhiteRD "85"]
[BlackElo "2214"]
[BlackRD "90"]
[GameID "194346"]

1. e4 c5 2. Nc3 d6 3. g3 g6 4. Bg2 Bg7 5. d3 Nc6 6. Be3 e6 7. Qd2 Rb8 8. Nge2 Nd4 9. O-O b5 10. Nd1 b4
11. f4 Ne7 12. c3 bxc3 13. bxc3 Nxe2+ 14. Qxe2 O-O 15. d4 Qa5 16. Qd2 cxd4 17. Bxd4 e5 18. fxe5 dxe5 19. Be3 Be6 20. Nb2 Rfc8
21. Rfc1 Qa3 22. Nd1
1-0

[Event "2009 Standard Chess Dropout Tournament, Round 2"]
[Site "SchemingMind.com"]
[Date "2009.02.27"]
[Round "2"]
[White "willygor"]
[Black "aadaam"]
[Result "1-0"]
[WhiteCountry "ARG"]
[BlackCountry "INT"]
[WhiteElo "1817"]
[WhiteRD "111"]
[BlackElo "1739"]
[BlackRD "49"]
[GameID "194349"]

1. e4 e6 2. f4 d5 3. e5 c5 4. Bb5+ Bd7 5. Bxd7+ Qxd7 6. Nf3 Ne7 7. d3 Nbc6 8. Nc3 f6 9. O-O O-O-O 10. a4 Ng6
11. Qe2 Be7 12. Bd2 fxe5 13. fxe5 Rhf8 14. Bg5 h6 15. Bxe7 Qxe7 16. Nb5 Rf4 17. g3 Rf5 18. Nd6+ Rxd6 19. exd6 Qxd6 20. Rae1 e5
21. Nh4 Nxh4 22. Qg4 Qf6 23. gxh4 g6 24. h5 Nd4 25. c3
1-0

[Event "2009 Standard Chess Dropout Tournament, Round 2"]
[Site "SchemingMind.com"]
[Date "2009.02.27"]
[Round "2"]
[White "Wolli"]
[Black "Orhany24"]
[Result "1-0"]
[WhiteCountry "GER"]
[BlackCountry "TUR"]
[WhiteElo "1852"]
[WhiteRD "76"]
[BlackElo "1766"]
[BlackRD "69"]
[GameID "194350"]

1. d4 d5 2. c4 e6 3. Nc3 h6 4. Nf3 Nf6 5. Bf4 a6 6. c5 c6 7. e3 Be7 8. Be2 O-O 9. O-O b6 10. b4 Nbd7
11. h3 Bb7 12. cxb6 Qxb6 13. Rb1 Rad8 14. a3 Nh7 15. Na4 Qa7 16. Nc5 Nxc5 17. bxc5 f5 18. Rb6 g5 19. Bh2 Rd7 20. Ne5 Rdd8
21. Qb3 Bc8 22. Nxc6
1-0